<?xml version="1.0" encoding="UTF-8"?>
<record
    xmlns:xsi="http://www.w3.org/2001/XMLSchema-instance"
    xsi:schemaLocation="http://www.loc.gov/MARC21/slim http://www.loc.gov/standards/marcxml/schema/MARC21slim.xsd"
    xmlns="http://www.loc.gov/MARC21/slim">

  <leader>01276nam0a22002771  4500</leader>
  <controlfield tag="001">v19\rc\1692618</controlfield>
  <controlfield tag="005">20260405225650.0</controlfield>
  <datafield tag="035" ind1=" " ind2=" ">
    <subfield code="a">(NLR Aleph) 005244638</subfield>
  </datafield>
  <datafield tag="090" ind1=" " ind2=" ">
    <subfield code="a">5740784</subfield>
    <subfield code="c">5740783</subfield>
  </datafield>
  <datafield tag="100" ind1=" " ind2=" ">
    <subfield code="a">20061002d1897    |||y0rusy50      ca</subfield>
  </datafield>
  <datafield tag="101" ind1="0" ind2=" ">
    <subfield code="a">rus</subfield>
  </datafield>
  <datafield tag="102" ind1=" " ind2=" ">
    <subfield code="a">RU</subfield>
  </datafield>
  <datafield tag="105" ind1=" " ind2=" ">
    <subfield code="a">a   z   |||||</subfield>
  </datafield>
  <datafield tag="200" ind1="1" ind2=" ">
    <subfield code="a">&#x414;&#x43E;&#x447;&#x44C; &#x43C;&#x438;&#x43A;&#x430;&#x434;&#x43E;</subfield>
    <subfield code="e">&#x424;&#x430;&#x43D;&#x442;&#x430;&#x441;&#x442;. &#x431;&#x430;&#x43B;&#x435;&#x442; &#x432; 3 &#x434;.</subfield>
    <subfield code="e">[&#x41B;&#x438;&#x431;&#x440;&#x435;&#x442;&#x442;&#x43E;]</subfield>
    <subfield code="f">&#x421;&#x43E;&#x447;. &#x412;.&#x418;. &#x41B;&#x430;&#x43D;&#x433;&#x430;&#x43C;&#x43C;&#x435;&#x440;</subfield>
    <subfield code="g">&#x41C;&#x443;&#x437;&#x44B;&#x43A;&#x430; &#x431;&#x430;&#x440;. &#x412;.&#x413;. &#x412;&#x440;&#x430;&#x43D;&#x433;&#x435;&#x43B;&#x44C;</subfield>
    <subfield code="g">&#x422;&#x430;&#x43D;&#x446;&#x44B; &#x438; &#x43F;&#x43E;&#x441;&#x442;&#x430;&#x43D;&#x43E;&#x432;&#x43A;&#x430; &#x431;&#x430;&#x43B;&#x435;&#x442;&#x43C;&#x435;&#x439;&#x441;&#x442;&#x435;&#x440;&#x430; &#x41B;.&#x418;. &#x418;&#x432;&#x430;&#x43D;&#x43E;&#x432;&#x430;</subfield>
  </datafield>
  <datafield tag="210" ind1=" " ind2=" ">
    <subfield code="a">&#x421;&#x430;&#x43D;&#x43A;&#x442;-&#x41F;&#x435;&#x442;&#x435;&#x440;&#x431;&#x443;&#x440;&#x433;</subfield>
    <subfield code="c">&#x442;&#x438;&#x43F;. &#x438;&#x43C;&#x43F;. &#x421;&#x43F;&#x431;. &#x442;&#x435;&#x430;&#x442;&#x440;&#x43E;&#x432;</subfield>
    <subfield code="d">1897</subfield>
  </datafield>
  <datafield tag="215" ind1=" " ind2=" ">
    <subfield code="a">31 &#x441;.</subfield>
    <subfield code="c">&#x438;&#x43B;.</subfield>
  </datafield>
  <datafield tag="700" ind1=" " ind2="1">
    <subfield code="8">rus</subfield>
    <subfield code="7">ca</subfield>
    <subfield code="a">&#x41B;&#x430;&#x43D;&#x433;&#x430;&#x43C;&#x43C;&#x435;&#x440;</subfield>
    <subfield code="b">&#x412;. &#x418;.</subfield>
    <subfield code="f">1848-1910</subfield>
    <subfield code="g">&#x412;&#x43B;&#x430;&#x434;&#x438;&#x43C;&#x438;&#x440; &#x418;&#x432;&#x430;&#x43D;&#x43E;&#x432;&#x438;&#x447;</subfield>
    <subfield code="3">RU\NLR\AUTH\77101758</subfield>
    <subfield code="9">84684</subfield>
  </datafield>
  <datafield tag="702" ind1=" " ind2="1">
    <subfield code="4">570</subfield>
    <subfield code="8">rus</subfield>
    <subfield code="7">ca</subfield>
    <subfield code="a">&#x418;&#x432;&#x430;&#x43D;&#x43E;&#x432;</subfield>
    <subfield code="b">&#x41B;. &#x418;.</subfield>
    <subfield code="c">&#x430;&#x440;&#x442;&#x438;&#x441;&#x442; &#x431;&#x430;&#x43B;&#x435;&#x442;&#x430;</subfield>
    <subfield code="f">1834-1901</subfield>
    <subfield code="g">&#x41B;&#x435;&#x432; &#x418;&#x432;&#x430;&#x43D;&#x43E;&#x432;&#x438;&#x447;</subfield>
    <subfield code="3">RU\NLR\AUTH\77103718</subfield>
    <subfield code="9">86643</subfield>
  </datafield>
  <datafield tag="702" ind1=" " ind2="1">
    <subfield code="a">&#x412;&#x440;&#x430;&#x43D;&#x433;&#x435;&#x43B;&#x44C;</subfield>
    <subfield code="b">&#x412;.&#x413;.</subfield>
    <subfield code="f">1862-1901</subfield>
    <subfield code="g">&#x412;&#x430;&#x441;&#x438;&#x43B;&#x438;&#x439; &#x413;&#x435;&#x43E;&#x440;&#x433;&#x438;&#x435;&#x432;&#x438;&#x447;</subfield>
    <subfield code="4">212</subfield>
  </datafield>
  <datafield tag="801" ind1=" " ind2="0">
    <subfield code="a">RU</subfield>
    <subfield code="b">NLR</subfield>
    <subfield code="c">20061002</subfield>
    <subfield code="g">psbo</subfield>
  </datafield>
  <datafield tag="801" ind1=" " ind2="0">
    <subfield code="a">RU</subfield>
    <subfield code="b">RuMoRGB</subfield>
    <subfield code="c">20061002</subfield>
    <subfield code="2">psbo</subfield>
  </datafield>
  <datafield tag="801" ind1=" " ind2="1">
    <subfield code="a">RU</subfield>
    <subfield code="b">ProSoft-M</subfield>
    <subfield code="c">20061002</subfield>
    <subfield code="2">rusmarc</subfield>
  </datafield>
  <datafield tag="801" ind1=" " ind2="2">
    <subfield code="a">RU</subfield>
    <subfield code="b">NLR</subfield>
    <subfield code="c">20111007</subfield>
    <subfield code="2">rusmarc</subfield>
  </datafield>
  <datafield tag="852" ind1=" " ind2=" ">
    <subfield code="a">NLR</subfield>
    <subfield code="j">20.95.6.281</subfield>
  </datafield>
  <datafield tag="942" ind1=" " ind2=" ">
    <subfield code="c">BOOK</subfield>
  </datafield>
  <datafield tag="980" ind1=" " ind2=" ">
    <subfield code="a">NB</subfield>
  </datafield>
  <datafield tag="995" ind1=" " ind2=" ">
    <subfield code="5">2013-10-26</subfield>
    <subfield code="b">NLR02</subfield>
    <subfield code="c">NLR02</subfield>
    <subfield code="e">RFS</subfield>
    <subfield code="f">5244638-10</subfield>
    <subfield code="k">20.95.6.281</subfield>
    <subfield code="o">0</subfield>
    <subfield code="r">BOOK</subfield>
    <subfield code="s">20956281_</subfield>
  </datafield>
</record>
